| 000 | 01098cam a2200313 a 4500 | ||
|---|---|---|---|
| 001 | 16197206 | ||
| 003 | OSt | ||
| 005 | 20150408113958.0 | ||
| 008 | 111214s2010 enk b 001 0 eng d | ||
| 010 | _a | ||
| 020 | _a9780199558162 (hbk.) | ||
| 020 | _a0199558167 (hbk.) | ||
| 035 | _a(OCoLC)ocn587229698 | ||
| 040 |
_aUKM _cMU |
||
| 042 | _alccopycat | ||
| 082 | 0 | 4 |
_a821.009 S F L _222 |
| 100 | 1 |
_aStafford, Fiona J. _98344 |
|
| 245 | 1 | 0 |
_aLocal attachments : _bthe province of poetry / _cFiona Stafford. |
| 260 |
_aOxford ; _aNew York : _bOxford University Press, _c2010. |
||
| 300 |
_a356 p. ; _c23 cm. |
||
| 504 | _aIncludes bibliographical references and index. | ||
| 650 | 0 |
_aEnglish poetry _y19th century _xHistory and criticism. _98345 |
|
| 650 | 0 |
_aEnglish poetry _y20th century _xHistory and criticism. _98245 |
|
| 650 | 0 |
_aSetting (Literature) _98346 |
|
| 650 | 0 |
_aPlace (Philosophy) in literature. _98347 |
|
| 906 |
_a7 _bcbc _ccopycat _d2 _eepcn _f20 _gy-gencatlg |
||
| 942 |
_2ddc _cDVD |
||
| 999 |
_c19731 _d254231 |
||